[Event "Landesliga Nord9798"]
[Site "Bayern"]
[Date "1998.??.??"]
[Round "?"]
[White "Heusinger, Martin"]
[Black "Kreuzer, Gerhard"]
[Result "0-1"]
[WhiteElo "1970"]
[BlackElo "2125"]

1.c4 Nf6 2.Nc3 c5 3.Nf3 g6 4.g3 Bg7 5.Bg2 O-O 6.O-O Nc6 7.d4 cxd4 8.Nxd4 Nxd4
9.Qxd4 d6 10.Qd3 a6 11.Rb1 Bf5 12.e4 Be6 13.b3 Rc8 14.Bb2 Qa5 15.a4 Nd7 16.Nd5 Bxd5
17.exd5 Nc5 18.Qe3 Bxb2 19.Rxb2 Qb4 20.Rbb1 Rc7 21.Rfe1 Rb8 22.Bf1 a5 23.h4 h5
24.Bh3 Kg7 25.Qd4+ f6 26.Kh2 b5 27.axb5 Rxb5 28.Qd1 Rb8 29.g4 hxg4 30.Qxg4 Qd2
31.Rg1 Qh6 32.Rg3 Kf7 33.Re3 f5 34.Rf3 Rh8 35.Kg3 Ke8 36.Qd4 Ne4+ 37.Kg2 Qxh4
38.Qb6 Rd7 39.Rh1 Qg5+ 40.Kh2 Nd2 41.Rg3 Qf4 42.Kg2 Qe4+ 43.f3 Qe2+ 44.Qf2 Qxf2+
45.Kxf2 Rh6 46.Kg2 Rb7 47.Bxf5 Rxh1 48.Bxg6+ Kd8 49.Kxh1 Rxb3 50.Rg4 Nxf3
51.Bf7 Rb2 52.Rg8+ Kc7 53.Rh8 a4  0-1

[Event "Regionalliga SO9798"]
[Site "Bayern"]
[Date "1998.??.??"]
[Round "?"]
[White "Klein, Josef"]
[Black "Flassak, Bernhard"]
[Result "0-1"]
[WhiteElo "2065"]
[BlackElo "1915"]

1.c4 Nf6 2.Nc3 c5 3.Nf3 g6 4.g3 Bg7 5.Bg2 O-O 6.O-O Nc6 7.d4 cxd4 8.Nxd4 Qa5
9.Nd5 Nxd5 10.Nxc6 dxc6 11.cxd5 Rd8 12.Bd2 Qb6 13.dxc6 bxc6 14.Be3 Rxd1 15.Rfxd1 Qc7
16.Rac1 Bb7 17.b4 a6 18.a4 Rd8 19.Rxd8+ Qxd8 20.b5 Bb2 21.Rb1 axb5 22.axb5 Be5
23.bxc6 Bc8 24.Kf1 Kg7 25.f4 Bc7 26.Kf2 Qd6 27.Ra1 h5 28.h4 Be6 29.Ra7 Qd8
30.Rb7 Bc8 31.Rb5 Be6 32.Rb7 Bc4 33.Bc5 Ba6 34.Rb2 Ba5 35.Ke3 Qd1 36.Bd4+ f6
37.Bf3 Bc4 38.Rb7 Bd2+ 39.Kf2 Be1+ 40.Kf1 Bc3+  0-1

[Event "Landesliga Sued9798"]
[Site "Bayern"]
[Date "1998.??.??"]
[Round "?"]
[White "Hornung, Hans"]
[Black "Turcan, Milan"]
[Result "0-1"]
[WhiteElo "2170"]
[BlackElo "2100"]

1.Nf3 Nf6 2.c4 c5 3.Nc3 e6 4.g3 b6 5.Bg2 Bb7 6.O-O Be7 7.b3 d6 8.Bb2 Nbd7
9.d3 O-O 10.e4 a6 11.Qe2 Qc7 12.d4 cxd4 13.Nxd4 Rfe8 14.Kh1 Rad8 15.f4 Bf8
16.Rac1 Qb8 17.g4 g6 18.g5 Nh5 19.Qg4 e5 20.Nde2 Nc5 21.Rcd1 b5 22.fxe5 bxc4
23.Nf4 Bc8 24.Qf3 Nxf4 25.Qxf4 Be6 26.Nd5 Bxd5 27.Rxd5 Qa7 28.exd6 Ne6 29.Qd2 cxb3
30.axb3 Rd7 31.Ra1 Qb6 32.Qd3 Qf2 33.Bd4 Qxg2+ 34.Kxg2 Nf4+ 35.Kf3 Nxd3 36.e5 Bg7
37.Ke4 Nb4 38.Rc5 Rxd6 39.Raa5 Nc6 40.Rxa6 Rxd4+ 41.Ke3 Nb4  0-1

[Event "Landesliga Sued 9899"]
[Site "Bayern"]
[Date "1998.??.??"]
[Round "?"]
[White "Drexel, Michael"]
[Black "Kempter, Ronald"]
[Result "1/2-1/2"]
[WhiteElo "2190"]
[BlackElo "2155"]

1.c4 Nf6 2.Nc3 c5 3.Nf3 g6 4.d4 Bg7 5.e4 cxd4 6.Nxd4 d6 7.Be2 O-O 8.O-O Nc6
9.Nc2 Be6 10.b3 Rc8 11.f3 Ng4 12.fxg4 Bxc3 13.Bh6 Bg7 14.Bxg7 Kxg7 15.Qd2 Qb6+
16.Kh1 Ne5 17.Ne3 h6 18.Rf4 Qc6 19.Nd5 Bxd5 20.exd5 Qc7 21.a4 a5 22.Raf1 Qc5
23.h3 b6 24.Bd3 Qb4 25.Qb2 Kg8 26.Be2 Rc7 27.Qc2 Qc5 28.Qd2 Kg7 29.Bd1 Qb4
30.Qe3 Qc5 31.Qd2 Qb4 32.Qe3 Qc5  1/2-1/2

[Event "Landesliga Sued9798"]
[Site "Bayern"]
[Date "1998.??.??"]
[Round "?"]
[White "Straub, Juergen"]
[Black "Kempter, Ronald"]
[Result "0-1"]
[WhiteElo "2180"]
[BlackElo "2170"]

1.c4 Nf6 2.Nc3 c5 3.Nf3 g6 4.d4 cxd4 5.Nxd4 Bg7 6.e4 d6 7.Be2 O-O 8.Be3 Nc6
9.Nb3 Be6 10.Rc1 Ne5 11.Nd2 a6 12.f3 Nfd7 13.f4 Nc6 14.O-O Nd4 15.Kh1 Nxe2
16.Qxe2 f5 17.Nf3 fxe4 18.Ng5 Bf7 19.Ncxe4 h6 20.Nxf7 Rxf7 21.Qg4 Nf8 22.b3 Qd7
23.Qh4 Qe6  0-1

[Event "Beersheba-St Petersburg"]
[Site "Beersheba"]
[Date "1998.??.??"]
[Round "5"]
[White "Lugovoi, Aleksei"]
[Black "Tseitlin, Mark D"]
[Result "1/2-1/2"]
[WhiteElo "2540"]
[BlackElo "2515"]

1.Nf3 Nf6 2.c4 c5 3.Nc3 d5 4.cxd5 Nxd5 5.e4 Nxc3 6.bxc3 g6 7.Ba3 b6 8.d4 Bg7
9.Bb5+ Bd7 10.Be2 O-O 11.O-O Nc6 12.Rc1 Qc7 13.Qd3 Na5 14.Qe3 Be6 15.d5 Bg4
16.c4 e5 17.Rc2 Bxf3 18.Qxf3 Nb7 19.Bc1 Nd6 20.Qd3 f5 21.f3 Qe7 22.g3 Rf7
23.exf5 gxf5 24.f4 e4 25.Qb3 Bd4+ 26.Be3 Qf6 27.Rd1 Kh8  1/2-1/2

[Event "Berliner Sommer 16th"]
[Site "Berlin"]
[Date "1998.??.??"]
[Round "4"]
[White "Espig, Lutz"]
[Black "Chuchelov, Vladimir"]
[Result "1-0"]
[WhiteElo "2440"]
[BlackElo "2540"]

1.Nf3 Nf6 2.c4 c5 3.Nc3 d5 4.cxd5 Nxd5 5.g3 Nc6 6.Bg2 Nc7 7.a3 g6 8.d3 Bg7
9.O-O O-O 10.Bd2 b6 11.Ne1 Bb7 12.b4 Ne6 13.Rb1 Qd7 14.Na4 cxb4 15.axb4 b5
16.Nc3 a6 17.Nf3 Rac8 18.Ne4 f5 19.Neg5 Ned8 20.Qb3+ Kh8 21.h4 h6 22.Nh3 e5
23.Bc3 Kh7 24.Rfd1 Ne6 25.Qxe6 Qxe6 26.Nhg5+ hxg5 27.Nxg5+ Kh8 28.Nxe6 Rfe8
29.Nxg7 Kxg7 30.f4 Ba8 31.Rdc1 Nd4 32.Bxd4 exd4 33.Bxa8 Rxa8 34.Rc7+ Kf6
35.Rb2 Rac8 36.Ra7 Ra8 37.Rd7 Red8 38.Rxd8 Rxd8 39.Rc2 Ke7 40.Kf2 Kd6 41.Rc5 Re8
42.h5 gxh5 43.Rxf5 Rh8 44.Rf6+ Kd5 45.Rxa6 h4 46.Rb6 hxg3+ 47.Kf3 Rh2 48.Rxb5+ Kd6
49.Re5  1-0

[Event "Berliner Sommer 16th"]
[Site "Berlin"]
[Date "1998.??.??"]
[Round "6"]
[White "Eingorn, Vereslav S"]
[Black "Reinaldo Castineira, Roi"]
[Result "1-0"]
[WhiteElo "2610"]
[BlackElo "2325"]

1.Nf3 c5 2.c4 Nf6 3.Nc3 e6 4.g3 b6 5.Bg2 Bb7 6.O-O d6 7.Re1 a6 8.e4 Nbd7
9.d4 cxd4 10.Nxd4 Qc7 11.Bg5 Be7 12.Rc1 O-O 13.Bh3 Rfe8 14.b3 Bf8 15.Nd5 exd5
16.cxd5 Qb8 17.Nc6 Bxc6 18.dxc6 Nc5 19.c7 Qb7 20.Bxf6 gxf6 21.Qd5 Qxd5 22.exd5 Rec8
23.Bxc8 Rxc8 24.Rc3 a5 25.a3 f5 26.b4 axb4 27.axb4 Na6 28.Rc6 Nxb4 29.Rxb6 Nxd5
30.Rb8 Rxc7 31.Ree8 Kg7 32.Rxf8 f4 33.Rfc8 fxg3 34.hxg3 Re7 35.Rd8 Re6 36.Rb7 Nf6
37.Rb6 Ne4 38.Kg2 Rg6 39.Re8 Nc5 40.Re1 h5 41.Rh1 Kh6 42.Rb8 Ne6 43.Rh4 Rg5
44.Rh8+ Kg7 45.Re8 d5 46.Re7 Kf6 47.Rd7 d4 48.Rh1 Kg6 49.Rh4 Kf6 50.Re4 Kg6
51.Rd6 Kg7 52.Kh3 Rb5 53.Re2 Rb3 54.Re5 Rf3 55.Kg2 Rf6 56.Kh3 Rh6 57.Re4 Rf6
58.Rd5 Kg6 59.Rh4 Ng7 60.Rhxd4 Nf5 61.Rf4 Ng7 62.Rxf6+ Kxf6 63.Kg2 Kg6 64.Kf3 Kf6
65.Ke4 Kg6 66.f4 Ne8 67.Ke5 f6+ 68.Ke4 Kg7 69.f5 Kf7 70.Rd8 Ke7 71.Ra8 Kf7
72.Ra7+ Kf8 73.Rb7 Kg8 74.Rb2 Kf7 75.Rb1 Ke7 76.Kd5 Kd7 77.Rb2 Ke7 78.Kc6 Kf8
79.Re2 Kf7 80.Kd7 Ng7 81.Re7+ Kg8 82.Rxg7+ Kxg7 83.Ke7 Kh7 84.Kxf6 Kh6 85.Ke5 Kg5
86.f6  1-0

[Event "Berliner Sommer 16th"]
[Site "Berlin"]
[Date "1998.??.??"]
[Round "8"]
[White "Ruzele, Darius"]
[Black "Kelly, Bryan"]
[Result "1/2-1/2"]
[WhiteElo "2475"]
[BlackElo "2405"]

1.c4 c5 2.Nf3 Nf6 3.Nc3 e6 4.g3 b6 5.Bg2 Bb7 6.O-O Be7 7.Re1 a6 8.e4 d6 9.d4 cxd4
10.Nxd4 Qc7 11.Be3 O-O 12.Rc1 Re8 13.f4 Bf8 14.Bf2 Nbd7 15.b3 Rad8 16.Rc2 Qb8
17.Bf3 Bc8 18.Rd2 Qc7 19.a4 g6 20.Rc2 Be7 21.Bg2  1/2-1/2

[Event "Biel"]
[Site "Biel"]
[Date "1998.??.??"]
[Round "3"]
[White "Zueger, Beat"]
[Black "Landenbergue, Claude"]
[Result "1/2-1/2"]
[WhiteElo "2445"]
[BlackElo "2420"]

1.c4 c5 2.Nf3 Nf6 3.Nc3 g6 4.d4 cxd4 5.Nxd4 Nc6 6.g3 Bg7 7.Bg2 O-O 8.O-O Nxd4
9.Qxd4 d6 10.Qd3 Rb8 11.Be3 Bf5 12.Qd2 a6 13.Rac1 Qd7 14.Bh6 Rfc8 15.Bxg7 Kxg7
16.b3 h5 17.h4 Bh3 18.e4 Bxg2 19.Kxg2 b5 20.cxb5 axb5 21.f3  1/2-1/2

[Event "Biel op"]
[Site "Biel"]
[Date "1998.??.??"]
[Round "4"]
[White "Gheorghiu, Florin"]
[Black "Balenovic, Zvonimir"]
[Result "1-0"]
[WhiteElo "2455"]
[BlackElo "2295"]

1.c4 Nf6 2.Nc3 c5 3.Nf3 b6 4.d4 cxd4 5.Nxd4 Bb7 6.f3 g6 7.e4 d6 8.Be3 Bg7
9.Be2 O-O 10.O-O Nbd7 11.Rc1 Rc8 12.Qd2 Re8 13.Rfd1 Qc7 14.b4 Qb8 15.Nb3 Ba6
16.Nb5 Ne5 17.a4 Qa8 18.Na3 Bb7 19.a5 bxa5 20.Nxa5 Nc6 21.Nxb7 Qxb7 22.Nc2 Ne5
23.Nd4 Nc6 24.Nxc6 Rxc6 25.c5 a6 26.Bc4 Rb8 27.Qa2 e6 28.Rxd6 Rxd6 29.cxd6 Qxb4
30.e5 Nd7 31.f4 Bh6 32.Kf2 Nxe5 33.fxe5 Bxe3+ 34.Kxe3 Qc5+ 35.Ke4 f5+ 36.Kf3 Qxe5
37.Bxe6+ Kg7 38.Qd5 Qb2 39.Qc5 Kh6 40.Qe3+ g5 41.h4 Qb7+ 42.Kf2 Qb2+ 43.Kg1 f4
44.hxg5+ Kxg5 45.Rc5+ Kg6 46.Qxf4  1-0

[Event "Biel"]
[Site "Biel"]
[Date "1998.??.??"]
[Round "7"]
[White "Ekstroem, Roland"]
[Black "Pelletier, Yannick"]
[Result "0-1"]
[WhiteElo "2490"]
[BlackElo "2515"]

1.c4 Nf6 2.Nc3 c5 3.Nf3 e6 4.e3 b6 5.d4 cxd4 6.exd4 Bb7 7.Bd3 Be7 8.O-O O-O
9.d5 h6 10.Bf4 exd5 11.cxd5 Nxd5 12.Nxd5 Bxd5 13.Nd4 Nc6 14.Nf5 Bg5 15.Bd6 Re8
16.f4 Bf6 17.Nxh6+ gxh6 18.Qg4+ Bg7 19.Qf5 Ne7 20.Qh7+ Kf8 21.Rae1 b5 22.Kh1 Qb6
23.Bxe7+ Rxe7 24.Rxe7 Kxe7 25.Qxg7 Qe3 26.Bxb5 Rb8 27.a4 a6 28.Bxd7 Qe2 29.Rg1 Kxd7
30.Qd4 Qe4 31.Qa7+ Rb7 32.Qf2 Rc7 33.h3 Rc2 34.Qa7+ Bb7  0-1

[Event "Biel op"]
[Site "Biel"]
[Date "1998.??.??"]
[Round "11"]
[White "Kaenel, Hansjuerg"]
[Black "Cherniaev, Alexander"]
[Result "0-1"]
[WhiteElo "2385"]
[BlackElo "2465"]

1.Nf3 Nf6 2.c4 c5 3.Nc3 b6 4.g3 Bb7 5.Bg2 g6 6.O-O Bg7 7.d3 O-O 8.Bd2 d5
9.cxd5 Nxd5 10.Nxd5 Bxd5 11.Bc3 Nc6 12.Bxg7 Kxg7 13.a3 Qd6 14.Nd2 Bxg2 15.Kxg2 Rfd8
16.Re1 Rd7 17.Rc1 Qd5+ 18.Kg1 Nd4 19.b4 cxb4 20.axb4 e5 21.Rc4 Re8 22.Ne4 Qe6
23.Qc1 Qg4 24.Qb2 f5 25.f3 Qh5 26.Nf2 Qg5 27.Kg2 Qf6 28.Rec1 Qd6 29.e3 Nb5
30.Qa1 Rde7 31.Qa4 Qd7 32.Rc6 Nd6 33.b5 Nf7 34.Qc4 Rd8 35.Qb4 Qb7 36.h4 Rd5
37.Qc4 Qd7 38.Rc3 Nd8 39.Rc8 Ne6 40.Qc6 Rxb5 41.Qa8 Qb7 42.Rg8+ Kf7 43.Qxb7 Rxb7
44.Rcc8 Rc5 45.Ra8 Ke7 46.g4 Rcc7 47.h5 Kf6 48.Kg3 Rg7 49.hxg6 Rxg8 50.Rxg8 hxg6
51.f4 exf4+ 52.exf4 b5 53.g5+ Kf7 54.Ra8 Nc7 55.Rh8 Kg7 56.Rd8 Ne6 57.Rd6 Kf7
58.d4 b4 59.Nd3 b3 60.Nb2 a5 61.d5 Nc5 62.Rf6+ Kg7 63.Rc6 Ne4+ 64.Kf3 Rd7
65.Rb6 Rxd5 66.Ke3 Rc5 67.Rxb3 Rc3+ 68.Rxc3 Nxc3 69.Kd4 Ne2+ 70.Ke3 Ng3 71.Kd4 Nh5
72.Nd3 Kf8 73.Ne5 Nxf4 74.Ke3 Nd5+ 75.Kd4 Ne7 76.Kc5 Kg7 77.Kb5 f4 78.Kxa5 Nc6+
79.Nxc6 f3 80.Nd4 f2 81.Ne6+ Kg8  0-1

[Event "Brasilia op"]
[Site "Brasilia"]
[Date "1998.??.??"]
[Round "4"]
[White "Trois, Francisco RT"]
[Black "Sunye Neto, Jaime"]
[Result "0-1"]
[WhiteElo "2345"]
[BlackElo "2515"]

1.Nf3 c5 2.c4 Nf6 3.Nc3 b6 4.g3 Bb7 5.Bg2 g6 6.d4 cxd4 7.Qxd4 Bg7 8.O-O d6
9.Qd3 Nbd7 10.b3 Nc5 11.Qc2 O-O 12.Bb2 Rc8 13.Rfd1 a6 14.a4 Qc7 15.Ne1 Bxg2
16.Nxg2 e6 17.Ne3 Rfd8 18.Rac1 h5 19.b4 Ncd7 20.Ne4 Nxe4 21.Bxg7 Nxf2 22.Rf1 Nh3+
23.Kg2 Kxg7 24.Kxh3 f5 25.Kg2 a5 26.bxa5 bxa5 27.Rcd1 Qc6+ 28.Kg1 Qc5 29.Qc3+ Nf6
30.Kh1 Rb8 31.Ng2 Kf7 32.Qc1 Ne4 33.Qf4 Qe5 34.Qh6 Rh8 35.Qe3 Rb2 36.Rb1 Rb4
37.Rxb4 axb4 38.Qa7+ Kf6 39.Qb7 b3 40.a5 Qd4 41.Nf4 Nc5 42.Qb6 g5 43.Ng2 h4
44.gxh4 gxh4 45.Nf4 Qe4+ 46.Rf3 Rg8 47.Nh5+ Ke5  0-1

[Event "Anderlecht rap"]
[Site "Brussels "]
[Date "1998.??.??"]
[Round "10"]
[White "Chuchelov, Vladimir"]
[Black "Claesen, Pieter"]
[Result "1-0"]
[WhiteElo "2540"]
[BlackElo "2330"]

1.Nf3 Nf6 2.c4 c5 3.Nc3 d5 4.cxd5 Nxd5 5.d4 cxd4 6.Qxd4 Nxc3 7.Qxc3 Nc6 8.e4 e6
9.Bb5 Bd7 10.O-O Qb6 11.a4 Qc5 12.Qd3 Be7 13.Rd1 Rd8 14.Be3 Qb4 15.Bxa7 Nxa7
16.Bxd7+ Kf8 17.Qe2 g6 18.Rd4 Qa5 19.Rad1 Kg7 20.Qc4 Nc8 21.b4 Qa7 22.a5 b6
23.a6 Nd6 24.Rxd6 Bxd6 25.Rxd6  1-0

[Event "Bucharest Fest GM (Women)"]
[Site "Bucharest"]
[Date "1998.??.??"]
[Round "?"]
[White "Smokina, Karolina"]
[Black "Baciu Ionescu, Otilia"]
[Result "1-0"]
[WhiteElo "2180"]
[BlackElo "2185"]

1.c4 c5 2.Nc3 Nf6 3.Nf3 e6 4.d4 cxd4 5.Nxd4 a6 6.g3 Qc7 7.Qa4 b6 8.Bg2 Bb7
9.Bxb7 Qxb7 10.O-O Bc5 11.Nb3 Be7 12.Bf4 O-O 13.Rad1 Nc6 14.Bd6 Bxd6 15.Rxd6 Rac8
16.Rfd1 Ne5 17.Nd2 Nfg4 18.h3 Nf6 19.Qb3 Rc6 20.Rd4 Rfc8 21.f4 Ng6 22.Nde4 Nxe4
23.Nxe4 Qa8 24.Rxd7 Rxc4 25.Nd6 Rc2 26.Nxc8 Rxc8 27.Qxb6 h6 28.Qb7  1-0

[Event "Bucharest Fest GM (Women)"]
[Site "Bucharest"]
[Date "1998.??.??"]
[Round "?"]
[White "Berechet, Otiliu"]
[Black "Baciu Ionescu, Otilia"]
[Result "1-0"]
[WhiteElo "2220"]
[BlackElo "2185"]

1.c4 c5 2.Nf3 Nf6 3.Nc3 e6 4.e4 d6 5.g3 b6 6.d4 cxd4 7.Qxd4 Bb7 8.Bg2 a6
9.O-O Qc7 10.Bg5 Nbd7 11.Rac1 Be7 12.Rfd1 O-O 13.h3 Rac8 14.b3 Rfe8 15.Bxf6 Nxf6
16.Qe3 Nd7 17.Nd4 Qb8 18.Kh2 Bf6 19.Nde2 Ba8 20.a4 Bc6 21.Rb1 Nc5 22.Nd4 Bb7
23.Nde2 g6 24.Qd2 Be7 25.Qa2 Qc7 26.Rbc1 Bf8 27.b4 Nd7 28.Nb1 Nf6 29.Nd2 Qb8
30.a5 d5 31.axb6 Bxb4 32.Qb2 Bxd2 33.Rxd2 Nxe4 34.Bxe4 dxe4 35.c5 Bd5 36.Nf4 Qb7
37.Qe5 Red8 38.Qg5 Rd7 39.Nh5 Kh8 40.Qf6+  1-0

[Event "Bucharest Fest GM (Women)"]
[Site "Bucharest"]
[Date "1998.??.??"]
[Round "?"]
[White "Smokina, Karolina"]
[Black "Berechet, Otiliu"]
[Result "1/2-1/2"]
[WhiteElo "2180"]
[BlackElo "2220"]

1.c4 c5 2.Nc3 Nf6 3.Nf3 e6 4.d4 cxd4 5.Nxd4 Nc6 6.g3 Qb6 7.Nc2 Bc5 8.e3 Ne5
9.Be2 a5 10.O-O a4 11.Nd4 a3 12.bxa3 O-O 13.Rb1 Qa5 14.Ndb5 Ra6 15.Qc2 d6
16.Rd1 Bd7 17.Nd4 Qc7 18.Ncb5 Qc8 19.Bb2 Ng6 20.Bd3 e5 21.Nb3 e4 22.Be2 Ne8
23.Rbc1 Bg4 24.Rd5 Be6 25.Rh5 Bg4 26.Bxg4 Qxg4 27.Qd1 Qxd1+ 28.Rxd1 f5 29.Nxc5 dxc5
30.Rd7 Nf6 31.Bxf6 Raxf6 32.Rxb7 Ne5 33.Nc3 R6f7 34.Rb5 g6 35.Rh3 Rc8 36.a4 Nxc4
37.Nd5 Kg7 38.a5  1/2-1/2

[Event "Primavara"]
[Site "Bucharest"]
[Date "1998.??.??"]
[Round "4"]
[White "Marianovici, S."]
[Black "Ionescu, Cristian"]
[Result "1/2-1/2"]
[WhiteElo "2420"]
[BlackElo "2495"]

1.Nf3 Nf6 2.c4 c5 3.Nc3 e6 4.e4 Nc6 5.Be2 d5 6.e5 Ne4 7.O-O Be7 8.Re1 O-O
9.g3 Ng5 10.d3 dxc4 11.Bxg5 Bxg5 12.dxc4 Be7 13.Bd3 b6 14.Qe2 Bb7 15.Rad1 Qb8
16.Qe4 g6 17.Qe3 Rd8 18.Be4 a6 19.h4 Qc7 20.h5 Rxd1 21.Rxd1 Rd8 22.Rxd8+ Qxd8  1/2-1/2

[Event "Budapest FS09 IM-B"]
[Site "Budapest"]
[Date "1998.??.??"]
[Round "1"]
[White "Pham Minh Hoang"]
[Black "Bergstrom, Rolf"]
[Result "1/2-1/2"]
[WhiteElo "2245"]
[BlackElo "2295"]

1.c4 c5 2.Nf3 Nf6 3.Nc3 e6 4.e4 Nc6 5.d4 cxd4 6.Nxd4 Bb4 7.f3 O-O 8.Nxc6 bxc6
9.e5 Ne8 10.a3 Bxc3+ 11.bxc3 Qa5 12.Qd4 c5 13.Qe3 Rb8 14.a4 d6 15.Be2 Rb3
16.Bd2 dxe5 17.Qxe5 Rb2 18.Bc1 Rb3 19.Ba3 Nf6 20.Bb4 Nd7 21.Qxg7+ Kxg7 22.Bxa5 Ba6
23.Bc7 Rc8 24.Bg3 Nb6 25.a5 Nxc4 26.O-O Rc6 27.Bxc4 Bxc4 28.Rfb1 Kf6 29.Rxb3 Bxb3
30.Kf2 a6 31.Ke3 e5 32.Ke4 Re6 33.Bf2 c4 34.Bc5 Rc6 35.Bb4 Ke6 36.g4 Rc7
37.f4 Bc2+ 38.Ke3 Rd7 39.fxe5 Kxe5 40.Rf1 Bg6  1/2-1/2

[Event "Budapest FS09 IM-A"]
[Site "Budapest"]
[Date "1998.??.??"]
[Round "2"]
[White "Vadasz, Laszlo"]
[Black "Balogh, Csaba"]
[Result "1-0"]
[WhiteElo "2350"]
[BlackElo "2155"]

1.Nf3 c5 2.c4 Nf6 3.Nc3 g6 4.e4 Nc6 5.d4 cxd4 6.Nxd4 Nxd4 7.Qxd4 d6 8.Be2 Bg7
9.Bg5 O-O 10.Qd2 Be6 11.O-O Qa5 12.Rac1 Rfc8 13.b3 a6 14.f4 b5 15.f5 b4 16.fxe6 bxc3
17.exf7+ Kf8 18.Qf4 Kxf7 19.Bf3 Kg8 20.Bh6 Rf8 21.Bxg7 Kxg7 22.Qe3 Rab8 23.Rc2 Kg8
24.Re1 Nd7 25.Qxc3 Qxc3 26.Rxc3 Ne5 27.Be2 Rfc8 28.c5 Rxc5 29.Rxc5 dxc5 30.Rc1 Rc8
31.Bxa6 Ra8 32.Rxc5 Rxa6 33.Rxe5 Kf7 34.a4 Rc6 35.Rb5 Rc2 36.a5 Ke6 37.b4 Kd6
38.a6 Rc8 39.Rb7  1-0

[Event "Budapest FS06 GM"]
[Site "Budapest"]
[Date "1998.??.??"]
[Round "7"]
[White "Varga, Zoltan"]
[Black "Csom, Istvan"]
[Result "1/2-1/2"]
[WhiteElo "2520"]
[BlackElo "2460"]

1.c4 Nf6 2.Nc3 c5 3.Nf3 e6 4.g3 b6 5.Bg2 Bb7 6.d4 cxd4 7.Qxd4 d6 8.O-O Be7
9.e4 O-O 10.Qe3 Nbd7 11.Nd4 Re8 12.b3 d5 13.exd5 exd5 14.Nf5 Bb4 15.Qg5 g6
16.Bb2 Re5 17.Nh6+ Kg7 18.Qc1 d4 19.Nb5 Bxg2 20.Kxg2 Rh5 21.Nxd4 Rxh6 22.Nc6 Qc8
23.Nxb4 Ne5 24.Qxh6+ Kxh6 25.Bxe5  1/2-1/2

[Event "ARG-ch sf"]
[Site "Buenos Aires"]
[Date "1998.??.??"]
[Round "5"]
[White "Llanos, Guillermo"]
[Black "Madina, Martin"]
[Result "1/2-1/2"]
[WhiteElo "2370"]
[BlackElo "2265"]

1.Nf3 Nf6 2.c4 e6 3.Nc3 c5 4.g3 b6 5.Bg2 Bb7 6.O-O Be7 7.d4 cxd4 8.Qxd4 d6
9.Rd1 a6 10.b3 Nbd7 11.e4 Qc7 12.Ba3 Nc5 13.e5 dxe5 14.Qxe5 Rc8 15.Qxc7 Rxc7
16.Ne5 Bxg2 17.Kxg2 Ncd7 18.Bxe7 Kxe7 19.Nxd7 Nxd7 20.Re1 Nf6 21.Nd1 Rd8
22.Ne3 Rd2 23.Nf1 Rd3 24.Rad1 Rxd1 25.Rxd1 b5 26.Ne3 bxc4 27.Nxc4 Nd5 28.Rd2 Rc6
29.Kf3 Nb6 30.Nxb6 Rxb6 31.Rd4 Rc6 32.Ke3 e5 33.Ra4 f5 34.Ra5 Re6 35.h3 h6
36.h4 g5 37.hxg5 hxg5 38.a3 Kf6 39.b4 Rd6 40.Rc5  1/2-1/2

[Event "Cannes op"]
[Site "Cannes"]
[Date "1998.??.??"]
[Round "1"]
[White "Janssen, Ruud"]
[Black "Roeder, Mathias"]
[Result "1/2-1/2"]
[WhiteElo "2290"]
[BlackElo "2435"]

1.c4 Nf6 2.Nc3 c5 3.Nf3 b6 4.g3 Bb7 5.Bg2 g6 6.O-O Bg7 7.d4 cxd4 8.Qxd4 Nc6
9.Qf4 Na5 10.b3 d5 11.Rd1 Qc8 12.Ba3 dxc4 13.Bxe7 Nh5 14.Qe3 Qe6 15.Qxe6 fxe6
16.Bb4 Nc6 17.Nd4 Nxb4 18.Bxb7 Rb8 19.Be4 cxb3 20.axb3 a5 21.Ncb5 Ke7 22.Rac1  1/2-1/2

[Event "WLS-ch"]
[Site "Cardiff"]
[Date "1998.??.??"]
[Round "3"]
[White "Rayner, Francis"]
[Black "Cummings, David H"]
[Result "1/2-1/2"]
[WhiteElo "2220"]
[BlackElo "2365"]

1.c4 Nf6 2.Nf3 c5 3.Nc3 e6 4.g3 b6 5.Bg2 Bb7 6.O-O a6 7.Re1 Be7 8.e4 d6 9.d4 cxd4
10.Nxd4 Qc7 11.Be3 O-O 12.Rc1 Re8 13.f4 Bf8 14.Bf2 Nfd7 15.Qd2 Nc6 16.Nc2 Rac8
17.b4 Qb8 18.a3 Na7 19.Qd3 Red8 20.Nd4 Rc7 21.Nb3 Rdc8 22.Na4 Bc6 23.Nb2 Ba8
24.Qd2 b5 25.Na5 Nf6 26.h3 Nc6 27.Nxc6 Bxc6 28.Bd4 Nd7 29.Nd3 Bb7 30.cxb5 axb5
31.Rxc7 Rxc7 32.Rc1 e5 33.Bb2 Nf6 34.Qe3 Rxc1+ 35.Bxc1 Bc6 36.Bb2 Nd7 37.Kh2 h6
38.Nf2 Nb6 39.Qb3 Nc4 40.fxe5 dxe5 41.Nd3 Nxb2 42.Qxb2 Bd6 43.Qc3 Qa8 44.Nc5 g6
45.Qd3 Qf8 46.Nb3 Qe7 47.Na5 Be8 48.Qd5 Bc7 49.Bf1 Qf6 50.Bg2 Bb6 51.Qa8 Kf8
52.Qb8 Be3 53.Nb7 h5  1/2-1/2

[Event "Copenhagen-ch"]
[Site "Copenhagen"]
[Date "1998.??.??"]
[Round "2"]
[White "Sorensen, Torben"]
[Black "El Kher, Henrik"]
[Result "1/2-1/2"]
[WhiteElo "2295"]
[BlackElo "2290"]

1.Nf3 Nf6 2.c4 c5 3.Nc3 e6 4.g3 b6 5.Bg2 Bb7 6.O-O a6 7.b3 Be7 8.Bb2 O-O
9.Rc1 d6 10.e3 Nbd7 11.Qe2 Qc7 12.d3 Rac8 13.e4 Nb8 14.d4 cxd4 15.Nxd4 Rfe8
16.Kh1 Nbd7 17.Nc2 Qb8 18.f4 b5 19.cxb5 axb5 20.Qxb5 Qa8 21.Qa4 Nc5 22.Qxa8 Bxa8
23.Ba1 Nfxe4 24.Nxe4 Bxe4 25.Bxe4 Nxe4 26.Nd4 d5 27.Kg2 Ba3 28.Rxc8 Rxc8
29.Re1 Nc5 30.Re2 Nd3 31.Nb5 Be7 32.Bd4 Bf6 33.Rd2 Nc1 34.Bxf6 gxf6 35.Nd4 Ra8
36.a4 e5 37.Nf5 d4 38.Rb2 Nd3 39.Re2 Rb8 40.a5 Nc5 41.a6 Nxa6 42.fxe5 d3
43.Rd2 fxe5 44.Rxd3 Nc5 45.Rd5 Ne6 46.Rxe5 Rxb3 47.h4 Rc3 48.Ra5 h5 49.Nd6 Rc5
50.Ra8+ Kg7 51.Ra7 Rc2+ 52.Kf1 Rc1+ 53.Kg2 Rc2+ 54.Kf1 Rc1+ 55.Kf2 Rc2+ 56.Ke3 Rc3+
57.Ke4 Kf6 58.Rxf7+ Kg6 59.Re7 Kf6 60.Rf7+ Kg6 61.Re7 Kf6 62.Rh7 Kg6 63.Rh8 Ng7
64.Kf4 Ra3 65.Ne4 Ra4 66.Rb8 Ra6 67.Rb5 Ne6+ 68.Ke5 Nd8 69.Rd5 Ra5 70.Rxa5 Nc6+
71.Ke6 Nxa5 72.Nc3 Nc6 73.Nd5 Nd4+ 74.Ke5 Nc6+ 75.Ke4 Kh6 76.Nf4 Na5 77.Kf5 Nc4
78.Nd5 Nd6+ 79.Ke5 Nc4+ 80.Kf6 Nd2 81.Nc3 Nf1 82.Ne2 Ne3 83.Nd4 Ng4+ 84.Kf7 Ne3
85.Kf6 Ng4+ 86.Kf5 Ne3+ 87.Kf4 Ng4 88.Nc6 Nf6 89.Ne7 Ng4 90.Kf5 Ne3+ 91.Kf6 Ng4+
92.Ke6 Kg7 93.Kf5 Kh6 94.Nd5 Nf2 95.Ne3 Nh1 96.Kf4 Nf2 97.Kf3 Nd3 98.Ke4 Nf2+
99.Ke5 Kg6 100.Nd5 Nh1 101.Ne7+ Kg7 102.Nf5+ Kg6 103.Ke6 Nf2 104.Ne7+ Kh6
105.Kf7 Kh7  1/2-1/2

[Event "Copenhagen-ch"]
[Site "Copenhagen"]
[Date "1998.??.??"]
[Round "4"]
[White "Jakobsen, Ole"]
[Black "El Kher, Henrik"]
[Result "1/2-1/2"]
[WhiteElo "2350"]
[BlackElo "2290"]

1.c4 Nf6 2.Nc3 c5 3.Nf3 e6 4.g3 b6 5.Bg2 Bb7 6.d4 cxd4 7.Qxd4 Be7 8.Bg5 h6
9.Bxf6 Bxf6 10.Qd3 O-O 11.O-O Na6 12.Rad1 Nc5 13.Qe3 Bxc3 14.Qxc3 Qe7 15.Qe3 Rac8
16.Rd4 Rfe8 17.Rfd1 d5 18.cxd5 exd5 19.Qxe7 Rxe7 20.e3 Ne4 21.Ne1 Rec7 22.f3 Nd6
23.Bh3 Re8 24.e4 Rce7 25.Nc2 Nb5 26.R4d2 Nc7 27.exd5 Nxd5 28.Kf2 Ne3 29.Re1 Nc4
30.Rxe7 Rxe7  1/2-1/2

[Event "CZE-chT 9899"]
[Site "CZE"]
[Date "1998.??.??"]
[Round "1"]
[White "Firt, Stanislav"]
[Black "Pisk, Petr"]
[Result "1/2-1/2"]
[WhiteElo "2335"]
[BlackElo "2310"]

1.c4 Nf6 2.Nc3 e6 3.Nf3 c5 4.g3 Nc6 5.Bg2 d5 6.cxd5 exd5 7.d4 Be7 8.O-O O-O
9.Bg5 cxd4 10.Nxd4 h6 11.Be3 Bg4 12.Qa4 Ne5 13.Rad1 Nc4 14.Bc1 Nb6 15.Qb3 Qd7
16.Rfe1 Rfe8 17.a4 Bh3 18.Bh1 Rac8 19.Ndb5 a6 20.Nd4 Bc5 21.a5 Nc4 22.Nxd5 Nxd5
23.Qxc4 Bb4 24.Qxd5 Qxd5 25.Bxd5 Bxe1 26.Rxe1 Rcd8 27.Bxb7 Rxd4 28.Bxa6 Ra8
29.Bd3 Rxa5 30.Bd2 Ra8 31.f3 Be6 32.Kf2 Rda4 33.Rc1 Ra2 34.Bc3 Ra1 35.Rxa1 Rxa1
36.b4 Ra3 37.Bd2 Bd7 38.h4 h5 39.Be3 Kf8 40.b5 Rxd3 41.exd3 Bxb5 42.d4  1/2-1/2

[Event "Moravia-chT 9899"]
[Site "CZE"]
[Date "1998.??.??"]
[Round "5"]
[White "Harasta, Vladimir"]
[Black "Olsar, Jaroslav"]
[Result "1-0"]
[WhiteElo "2190"]
[BlackElo "2295"]

1.c4 Nf6 2.Nc3 c5 3.Nf3 d5 4.cxd5 Nxd5 5.e4 Nc7 6.d4 cxd4 7.Qxd4 Bd7 8.Be3 Nc6
9.Qd2 e5 10.Bc4 Be7 11.Rd1 Be6 12.Bd5 f6 13.O-O Qc8 14.Bxe6 Nxe6 15.Nd5 Kf7
16.b4 Re8 17.b5 Ncd8 18.Rc1 Qd7 19.Qa5 Qd6 20.Qa4 Kg8 21.Nb6 Rb8 22.Qxa7 Nf7
23.Qa4 Rbd8 24.Nd5 Bf8 25.Rc3 Ra8 26.Qb3 Ra5 27.a4 Rea8 28.Nb6 Rd8 29.Nc4 Qb4
30.Nxa5 Qxa5 31.Rfc1 Re8 32.h3 Nd6 33.Nd2 h6 34.Nc4 Nxc4 35.Rxc4 Kh7 36.Rc8 Re7
37.b6  1-0

[Event "CZE-chT2 9798"]
[Site "CZE"]
[Date "1998.??.??"]
[Round "7.6"]
[White "Pesout, Jan"]
[Black "Fiedler, Bedrich"]
[Result "1/2-1/2"]
[WhiteElo "2255"]
[BlackElo "2205"]

1.Nf3 c5 2.c4 Nf6 3.Nc3 b6 4.g3 Bb7 5.Bg2 e6 6.O-O Be7 7.e3 d6 8.b3 O-O 9.Bb2 Nbd7
10.d4 Qc7 11.Rc1 a6 12.Qe2 Rfe8 13.Rfd1 Rad8 14.h3 Qb8 15.Kh2 Bf8 16.Qc2 b5
17.d5 exd5 18.Nxd5 Nxd5 19.cxd5 Be7 20.e4 Bf6 21.Bxf6 Nxf6 22.Nd2 Re7 23.Re1 Rde8
24.Re3 Nd7 25.Rce1 Qd8 26.Qc3 a5 27.f4 b4 28.Qd3 Nb6 29.Nc4 Ba6 30.Bf1 a4
31.Qd2 Bxc4 32.Bxc4 Nxc4 33.bxc4 f6 34.Qd1 Qd7 35.Kg2 h6 36.Qh5 Kh7 37.e5 fxe5
38.fxe5 Rxe5 39.Rxe5 Rxe5 40.Rxe5 dxe5 41.Qxe5 b3 42.axb3 axb3 43.d6 b2 44.Qxb2 Qxd6  1/2-1/2